000 00961cam a22002655a 4500
001 3906910
005 20151207145317.0
008 910906t1992 nyua frb 001 0 eng d
020 _a0471528048
020 _a9780471528043
040 _aDLC
_beng
_cDLC
_dDLC
_dEG-ScBUE
_dEG-ScBUE
082 0 4 _a621.3
_bBOO
_222
100 1 _aBooton, Richard C.,
_d1926-
_938862
245 1 0 _aComputational methods for electromagnetics and microwaves /
_cRichard C. Booton.
260 _aNew York :
_bA Wiley-Interscience Publication / John Wiley & Sons Ltd,
_cc.1992.
300 _ax, 182 p. :
_bill. ;
_c24 cm.
490 0 _aWiley series in microwave and optical engineering
500 _aIndex : p. 181-182.
504 _aIncludes bibliographical references.
650 7 _aElectromagnetism
_xData processing.
_2BUEsh
_937050
650 0 _aMicrowaves
_xData processing.
_2BUEsh
651 _2BUEsh
653 _bENGELC
_cAugust2015
_cDecember2015
942 _2ddc
_k621.3 BOO
999 _c20723
_d20695